[Event "Belt Road Women 2019"]
[Site "Shaoxing"]
[Date "2019.07.13"]
[Round "6.16"]
[White "Zhang, Yuxuan"]
[Black "Zhang, Xiao"]
[Result "0-1"]
[WhiteElo "1987"]
[BlackElo "2259"]
[Annotator "ChessBase"]
[PlyCount "62"]
[EventDate "2019.07.08"]
[EventType "swiss"]
[EventCountry "CHN"]
[SourceTitle "playchess.com"]
[Source "ChessBase"]
[SourceQuality "1"]
[TimeControl "5400+30"]

1. e4 {[%emt 0:00:00]} e5 {[%emt 0:00:00]} 2. Nf3 {[%emt 0:00:00]} Nc6 {[%emt 0:00:00]} 3. Bc4 {[%emt 0:00:00]} Nf6 {[%emt 0:00:00]} 4. d3 {[%emt 0:00:00]} h6 {[%emt 0:00:00]} 5. O-O {[%emt 0:00:12]} d6 {[%emt 0:00:03]} 6. a4 {[%emt 0:00:19]} g5 {[%emt 0:00:35]} 7. c3 {[%emt 0:01:24]} Bg7 {[%emt 0:00:06]} 8. Na3 {[%emt 0:04:21]} O-O {[%emt 0:00:11]} 9. Nc2 {[%emt 0:00:51]} Ne7 {[%emt 0:00:29]} 10. Ne3 {[%emt 0:06:15]} c6 {[%emt 0:00:46]} 11. Bb3 {[%emt 0:00:43]} Ng6 {[%emt 0:03:37]} 12. Bc2 {[%emt 0:02:09]} Re8 {[%emt 0:09:56]} 13. a5 {[%emt 0:03:37]} d5 {[%emt 0:05:26]} 14. Re1 {[%emt 0:09:28]} g4 {[%emt 0:09:31]} 15. Nd2 {[%emt 0:00:15]} h5 {[%emt 0:00:07]} 16. Ndf1 {[%emt 0:06:21]} Nf4 {[%emt 0:03:39]} 17. exd5 {[%emt 0:05:12]} cxd5 {[%emt 0:00:51]} 18. Ng3 {[%emt 0:00:39]} Bh6 {[%emt 0:07:05]} 19. d4 {[%emt 0:06:10]} e4 {[%emt 0:03:25]} 20. c4 {[%emt 0:01:51]} h4 {[%emt 0:10:16]} 21. Nef5 {[%emt 0:02:05]} Bg5 {[%emt 0:05:35]} 22. Nxh4 {[%emt 0:03:13]} Nh3+ {[%emt 0:01:35]} 23. gxh3 {[%emt 0:00:07]} Bxh4 {[%emt 0:00:04]} 24. Qd2 {[%emt 0:01:35]} gxh3 {[%emt 0:01:45]} 25. cxd5 {[%emt 0:01:19]} Qxd5 {[%emt 0:04:34]} 26. Qf4 {[%emt 0:02:27]} e3 {[%emt 0:05:23]} 27. f3 {[%emt 0:01:56]} Bg5 {[%emt 0:00:23]} 28. Qc7 {[%emt 0:00:08]} Qxf3 {[%emt 0:00:14]} 29. Re2 {[%emt 0:00:06]} Bf4 {[%emt 0:00:46]} 30. Qc5 {[%emt 0:00:35]} Be6 {[%emt 0:01:42]} 31. Bd1 {[%emt 0:03:07]} Bd5 {[%emt 0:00:56]} 0-1

[Event "Belt Road Women 2019"]
[Site "Shaoxing"]
[Date "2019.07.13"]
[Round "6.17"]
[White "Peng, Tianlu"]
[Black "Yan, Tianqi"]
[Result "1-0"]
[WhiteElo "1901"]
[BlackElo "2034"]
[Annotator "NA"]
[PlyCount "151"]
[EventDate "2019.07.08"]
[EventType "swiss"]
[EventCountry "CHN"]
[SourceTitle "playchess.com"]
[Source "ChessBase"]
[SourceQuality "1"]
[TimeControl "5400+30"]

1. e4 {[%emt 0:00:00]} c5 {[%emt 0:00:00]} 2. c3 {[%emt 0:00:00]} Nf6 {[%emt 0:00:00]} 3. e5 {[%emt 0:00:00]} Nd5 {[%emt 0:00:02]} 4. Nf3 {[%emt 0:00:00]} e6 {[%emt 0:00:32]} 5. d4 {[%emt 0:00:02]} cxd4 {[%emt 0:00:09]} 6. cxd4 {[%emt 0:00:02]} d6 {[%emt 0:00:08]} 7. Bc4 {[%emt 0:00:07]} Nb6 {[%emt 0:00:26]} 8. Bd3 {[%emt 0:00:08]} Nc6 {[%emt 0:04:02]} 9. Nc3 {[%emt 0:00:26]} Be7 {[%emt 0:06:54]} 10. exd6 {[%emt 0:02:34]} Bxd6 {[%emt 0:01:55]} 11. O-O {[%emt 0:01:22]} Ne7 {[%emt 0:14:42]} 12. Ng5 {[%emt 0:05:01]} Ned5 {[%emt 0:15:23]} 13. Qh5 {[%emt 0:03:29]} Qe7 {[%emt 0:01:38]} (13... g6 $142 14. Qh3 a6) 14. Nce4 {[%emt 0:08:42]} Bf4 {[%emt 0:06:24]} 15. g3 {[%emt 0:07:21]} Bc7 {[%emt 0:03:05]} 16. Bd2 {[%emt 0:12:30]} (16. Nxh7 $18 Qf8 17. Neg5) 16... Bd7 {[%emt 0:02:38]} 17. Rac1 {[%emt 0:03:14]} Bc6 $16 {[%emt 0:01:48]} 18. b4 {[%emt 0:05:06]} a6 {[%emt 0:00:28]} 19. Rfe1 {[%emt 0:01:00]} g6 {[%emt 0:02:12]} 20. Qh3 {[%emt 0:03:12]} h6 {[%emt 0:07:57]} 21. Nc5 {[%emt 0:05:18]} O-O-O {[%emt 0:00:55]} 22. Ngxe6 {[%emt 0:07:50]} fxe6 {[%emt 0:00:14]} 23. Rxe6 {[%emt 0:12:16]} Bd7 {[%emt 0:00:18]} 24. Rce1 {[%emt 0:03:00]} Qg7 {[%emt 0:03:06]} 25. Nxd7 {[%emt 0:01:19]} Nxd7 {[%emt 0:01:40]} 26. Qg4 {[%emt 0:04:54]} h5 {[%emt 0:04:01]} 27. Qe4 {[%emt 0:01:09]} N7f6 {[%emt 0:01:00]} 28. Qxg6 {[%emt 0:02:53]} Qxg6 {[%emt 0:01:06]} 29. Bxg6 {[%emt 0:00:03]} Rhg8 {[%emt 0:00:12]} 30. Bf5 {[%emt 0:00:42]} Kb8 {[%emt 0:00:08]} 31. Kf1 {[%emt 0:02:09]} Rdf8 {[%emt 0:00:56]} 32. Bh6 {[%emt 0:01:35]} Rf7 {[%emt 0:01:37]} 33. R6e2 {[%emt 0:00:14]} Rh8 {[%emt 0:01:37]} 34. Be6 {[%emt 0:00:38]} Rfh7 {[%emt 0:01:21]} 35. Bg5 {[%emt 0:00:42]} Bd8 {[%emt 0:01:38]} 36. Bxd5 {[%emt 0:01:36]} Nxd5 {[%emt 0:00:29]} 37. Re8 {[%emt 0:00:14]} Kc8 {[%emt 0:00:05]} 38. Bxd8 {[%emt 0:00:41]} Rxe8 {[%emt 0:00:04]} 39. Rxe8 {[%emt 0:00:07]} Kd7 {[%emt 0:00:03]} 40. Rf8 {[%emt 0:02:48]} Nxb4 {[%emt 0:00:08]} 41. a4 {[%emt 0:00:27]} Nc6 {[%emt 0:02:30]} 42. Bb6 {[%emt 0:00:38]} Ne7 {[%emt 0:00:23]} 43. Rf6 {[%emt 0:00:29]} Nd5 {[%emt 0:00:21]} 44. Rg6 {[%emt 0:00:14]} Nxb6 {[%emt 0:01:41]} 45. Rxb6 {[%emt 0:00:05]} Kc7 {[%emt 0:00:07]} 46. Rb4 {[%emt 0:00:28]} b6 {[%emt 0:01:21]} 47. Ke2 {[%emt 0:00:23]} Kc6 {[%emt 0:00:16]} 48. f4 {[%emt 0:00:52]} Rh6 {[%emt 0:00:38]} 49. h3 {[%emt 0:00:45]} Kd5 {[%emt 0:00:08]} 50. Kf3 {[%emt 0:00:21]} Rc6 {[%emt 0:01:43]} 51. f5 {[%emt 0:00:18]} a5 {[%emt 0:03:04]} 52. Rb5+ {[%emt 0:00:26]} Kxd4 {[%emt 0:00:45]} 53. Kf4 {[%emt 0:00:10]} Rc1 {[%emt 0:00:38]} 54. Kg5 {[%emt 0:01:35]} Rc3 {[%emt 0:00:14]} 55. g4 {[%emt 0:01:35]} Rxh3 {[%emt 0:00:07]} 56. gxh5 {[%emt 0:00:33]} Rg3+ {[%emt 0:00:05]} 57. Kf4 {[%emt 0:00:42]} Rg1 {[%emt 0:00:19]} 58. Rxb6 {[%emt 0:00:28]} Kd5 {[%emt 0:00:28]} 59. Rb5+ {[%emt 0:00:26]} Kd6 {[%emt 0:00:04]} 60. Rxa5 {[%emt 0:00:10]} Ke7 {[%emt 0:00:11]} 61. Ra7+ {[%emt 0:00:21]} Kf6 {[%emt 0:00:09]} 62. Ra6+ {[%emt 0:00:06]} Kf7 {[%emt 0:00:06]} 63. h6 {[%emt 0:01:08]} Rf1+ {[%emt 0:00:10]} 64. Ke5 {[%emt 0:00:12]} Re1+ {[%emt 0:00:06]} 65. Kd6 {[%emt 0:00:22]} Rd1+ {[%emt 0:01:08]} 66. Kc7 {[%emt 0:00:11]} Rf1 {[%emt 0:00:14]} 67. f6 {[%emt 0:02:49]} Rh1 {[%emt 0:02:20]} 68. a5 {[%emt 0:00:40]} Rxh6 {[%emt 0:00:12]} 69. Rc6 {[%emt 0:00:25]} Rh1 {[%emt 0:02:57]} 70. a6 {[%emt 0:00:08]} Ra1 {[%emt 0:00:11]} 71. Kb7 {[%emt 0:00:07]} Rb1+ {[%emt 0:00:05]} 72. Rb6 {[%emt 0:00:08]} Rd1 {[%emt 0:00:07]} 73. a7 {[%emt 0:00:43]} Rd7+ {[%emt 0:00:06]} 74. Kb8 {[%emt 0:00:06]} Rd8+ {[%emt 0:00:14]} 75. Kc7 {[%emt 0:00:13]} Ra8 {[%emt 0:00:52]} 76. Kb7 {[%emt 0:00:10]} 1-0

[Event "Belt Road Women 2019"]
[Site "Shaoxing"]
[Date "2019.07.15"]
[Round "7.2"]
[White "Kosteniuk, Alexandra"]
[Black "Munguntuul, Batkhuyag"]
[Result "1-0"]
[WhiteElo "2517"]
[BlackElo "2412"]
[Annotator "TA"]
[PlyCount "121"]
[EventDate "2019.07.08"]
[EventType "swiss"]
[EventCountry "CHN"]
[SourceTitle "playchess.com"]
[Source "ChessBase"]
[SourceQuality "1"]

{[%evp 15,121,22,18,13,25,-26,8,7,4,0,0,0,2,0,0,0,0,-33,-29,-37,-28,-25,-17,-56,-30,-23,-27,-24,0,0,0,0,23,0,0,0,0,-34,17,7,23,26,25,30,22,0,0,0,0,0,0,0,0,0,0,0,8,-41,-50,-55,-37,-29,-29,-51,-60,-72,-23,-11,-10,-9,-9,-9,-8,-8,-8,-63,12,0,0,0,0,0,0,-15,-15,-22,0,0,0,0,0,0,0,0,8,8,8,8,29977,29978,29978,29979,29979,29980,29977,29980,29971,29971]} 1. e4 c5 2. Nf3 e6 3. d4 cxd4 4. Nxd4 Nc6 5. Nc3 d6 6. Be3 Nf6 7. f4 e5 8. Nxc6 bxc6 9. Bc4 {B82: Sicilian Scheveningen: 6 f4} exf4 10. Bd2 (10. Bxf4 $142 Be7 11. Qd4) 10... Ng4 11. Bxf4 {The position is equal.} Be7 12. Qf3 (12. h3 {keeps more tension.} Ne5 13. Bxe5 dxe5 14. O-O f6 15. Qe2) 12... O-O 13. O-O-O $146 ({Predecessor:} 13. O-O Bf6 14. Kh1 Qe7 15. Bb3 Ne5 16. Qf2 Rb8 {½-½ (36) Huebner,R (2620)-Andersson,U (2605) Bugojno 1982}) 13... Bg5 {[#] Hoping for ...Ne5.} 14. Kb1 Bxf4 15. Qxf4 Ne5 16. Bb3 Qe7 17. Rhg1 Be6 18. g4 a5 19. Na4 Rfb8 20. Rg3 Rb4 21. a3 Rbb8 22. g5 Bxb3 23. cxb3 Qe6 24. Ka2 ({White should try} 24. Qd2 $11) 24... Rb5 $15 25. Qd2 Rd8 26. h4 c5 (26... g6 $15) 27. Qd5 Qxd5 28. Rxd5 Kf8 29. Rc3 {[%cal Rc3c5]} Nc6 30. e5 (30. Rcd3 {is interesting.} Ke7 31. Rd1 Rbb8 32. Nc3 Rd7 33. h5) 30... dxe5 31. Rdxc5 Rxc5 32. Rxc5 $11 {[%mdl 4096] Endgame KRN-KRN} Rd6 33. Nb6 f5 34. gxf6 gxf6 35. Nc4 Re6 36. Ne3 ({Not} 36. Nxa5 $2 Nxa5 37. b4 (37. Rxa5 e4 $19) 37... Nc6 $19) 36... Kg7 37. Kb1 Kg6 38. Nd5 Nd4 39. b4 axb4 40. axb4 f5 41. b5 f4 42. b6 Re8 43. Nc7 Rb8 44. Rxe5 f3 45. Re4 (45. Nd5 $11) 45... Rf8 (45... Ne2 $15 46. Re5 Rxb6) 46. Rxd4 {KRN-KR} f2 47. Rd1 f1=Q 48. Rxf1 Rxf1+ {KR-KN} 49. Ka2 Rf8 {White must now prevent ...Kh5.} 50. Kb3 Rb8 51. Nd5 Kf5 52. Kc4 {Threatens to win with Kc5.} Ke6 53. Kc5 {Strongly threatening Kc6.} Kd7 54. Nf6+ Ke6 55. Nxh7 {And now Kb5 would win.} Rc8+ 56. Kb5 {aiming for b7.} Kd6 $2 {[%mdl 8192] [#]} (56... Rc2 $11) 57. b7 {White mates.} Rh8 58. Kb6 Ke6 59. b4 {[%cal Bb2b4,Bb4b5][%mdl 32]} Kd5 60. b5 Kc4 61. Nf6 {Accuracy: White = 66%, Black = 55%.} 1-0

[Event "Belt Road Women 2019"]
[Site "Shaoxing"]
[Date "2019.07.15"]
[Round "7.3"]
[White "Tan, Zhongyi"]
[Black "Guo, Qi"]
[Result "0-1"]
[WhiteElo "2511"]
[BlackElo "2375"]
[Annotator "TA"]
[PlyCount "129"]
[EventDate "2019.07.08"]
[EventType "swiss"]
[EventCountry "CHN"]
[SourceTitle "playchess.com"]
[Source "ChessBase"]
[SourceQuality "1"]

{[%evp 11,129,25,18,18,18,23,34,19,19,14,19,7,12,7,14,23,31,21,31,26,38,21,78,79,75,62,78,75,84,84,71,16,122,123,112,38,50,29,48,-1,-6,-8,-4,-43,-34,-109,-37,-39,0,-46,-36,-29,-34,-46,-19,-35,-14,-30,-25,-21,0,-34,-20,-44,-28,-28,-32,-68,-68,-68,-68,-68,-68,-68,-68,-68,-64,-119,-93,-126,-125,-122,0,-102,-93,-204,-199,-230,-225,-208,-224,-291,-212,-467,-457,-477,-327,-347,-308,-383,-369,-29962,-29963,-29977,-29958,-29979,-29980,-29978,-29979,-29981,-29980,-29982,-29981,-29981,-29982,-29982,-29982,-29983,-29984,-29988]} 1. c4 e6 2. Nc3 d5 3. d4 Be7 4. cxd5 exd5 5. Bf4 c6 6. Qc2 Bd6 7. Bxd6 {D31: Queen's Gambit Declined: Semi-Slav without ...Nf6 (+ Marshall Gambit and Noteboom) and Exchange Variation lines without ...Nf6} Qxd6 8. e3 Qg6 (8... Ne7 9. Bd3 b6 10. Nf3 Ba6 11. O-O Bxd3 12. Qxd3 O-O 13. e4 Nd7 14. Rfe1 Rfe8 {0-1 (27) Nakamura,H (2780)-Topalov,V (2749) Saint Louis 2017}) 9. Qb3 {White is slightly better.} Ne7 10. Nge2 O-O 11. Nf4 Qd6 12. Bd3 Re8 $146 ({Predecessor:} 12... Nd7 13. Qc2 Nf6 14. O-O g6 {1-0 (83) Janzelj,T (2160)-Mejak,S (2047) Ljubljana 2012}) 13. Qc2 g6 14. O-O-O b5 15. h4 Na6 16. Qd2 Nb4 (16... h5 $11) 17. Bb1 $16 Bf5 18. Bxf5 Nxf5 19. g4 $1 {[%cal Rg4f5]} Ng7 20. Kb1 a5 21. h5 ({White should try} 21. Rc1 $16) 21... Ne6 (21... g5 $1 $11 {remains equal.}) 22. hxg6 $1 fxg6 {[#]} 23. Rh6 (23. Nh3 $1 $16) 23... Ra7 24. Rdh1 Rg7 25. Nd3 Nxd3 26. Qxd3 {Strongly threatening Rxh7!} Ng5 27. Rc1 Qe6 28. f4 (28. Ne2 $15) 28... Nf7 (28... Nf3 $17 29. Nd1 Qxg4) 29. f5 $15 Qf6 30. Rh2 gxf5 31. Qxf5 Qg6 32. Nd1 Nd8 (32... Qxg4 $6 33. Qxg4 Rxg4 34. Rxc6 $14) 33. a4 bxa4 34. Rc5 Nb7 35. Rc3 Nd8 (35... Re6 {seems wilder.} 36. Qxg6 Rgxg6 37. Nf2 a3 38. Rxa3 Nd6) 36. Qxg6 (36. Rc5 {with more complications.}) 36... Rxg6 37. Nf2 Rge6 38. Rh3 Nf7 39. Rf3 Nd6 $36 {[%mdl 2048] Black is pushing.} 40. Rxc6 Nc4 41. Rxe6 Rxe6 {[%mdl 4096] Endgame KRN-KRN} 42. Ka2 $1 Rb6 43. Nd1 Rb3 44. Rf1 (44. g5 $15) 44... Rd3 $17 ({Much weaker is} 44... Nxe3 $6 45. Nxe3 Rxe3 46. Rf5 $11) 45. Re1 Rd2 {...a3 is the strong threat.} 46. Ka1 Rd3 47. Ka2 $1 Kg7 48. Nc3 {[#]} (48. e4 $17 {keeps fighting.}) 48... a3 $1 $19 ({Don't do} 48... Rxe3 49. Rxe3 Nxe3 50. Ka3 $17) 49. b3 Nxe3 ({Not} 49... Rxc3 50. bxc4 dxc4 51. e4 $15) 50. Rc1 Rxd4 51. Kxa3 Rxg4 52. Ne2 $2 (52. Nd1 d4 53. Nf2) 52... h5 53. Rc3 Nf5 54. Rc5 Ne7 55. Rxa5 h4 {And now ...h3 would win.} 56. Ra4 $2 (56. Rc5 $19) 56... Rxa4+ {Black mates.} 57. bxa4 {KN-KN} Kf6 58. Kb4 h3 59. Ng3 h2 60. Kc5 Ke5 61. a5 Nc8 62. Nh1 Ke4 63. a6 Kf3 64. Kxd5 Kg2 65. Ke5 {Accuracy: White = 53%, Black = 54%.} 0-1

[Event "Belt Road Women 2019"]
[Site "Shaoxing"]
[Date "2019.07.15"]
[Round "7.4"]
[White "Ushenina, Anna"]
[Black "Li, Xueyi"]
[Result "1/2-1/2"]
[WhiteElo "2448"]
[BlackElo "2330"]
[Annotator "TA"]
[PlyCount "52"]
[EventDate "2019.07.08"]
[EventType "swiss"]
[EventCountry "CHN"]
[SourceTitle "playchess.com"]
[Source "ChessBase"]
[SourceQuality "1"]

{[%evp 14,52,16,-6,3,-17,-13,-16,6,-9,-12,-21,-20,-11,33,0,0,-12,34,19,20,16,79,79,91,58,82,84,77,81,89,64,73,47,53,44,62,43,63,60,53]} 1. e4 c6 2. d4 d5 3. e5 Bf5 4. Nf3 e6 5. Be2 Ne7 6. c3 Nd7 7. O-O c5 8. a3 Nc6 {B12: Caro-Kann: Advance Variation} 9. Be3 Be7 10. Nbd2 cxd4 {The position is equal.} (10... a6 11. Re1 O-O 12. Nf1 Rc8 13. Ng3 Bg6 14. Nd2 cxd4 15. cxd4 Qb6 16. b4 Nxd4 17. Bf1 {0-1 (50) Caruana,F (2822)-Mamedyarov,S (2801) Saint Louis 2018}) 11. cxd4 O-O 12. b4 {[%cal Bb2b4,Bb4b5][%mdl 32]} Rc8 13. Rc1 Qb6 {[#]} 14. Qa4 $146 ({Predecessor:} 14. Nb3 Bg4 15. Qd2 Bxf3 16. gxf3 Ncb8 17. f4 {½-½ (52) Karthikeyan,M (2509)-Tari,A (2518) Khanty-Mansiysk 2015}) 14... Qd8 15. Qd1 a5 16. b5 Ncb8 17. Qa4 b6 (17... Nb6 $11 18. Qxa5 N8d7 19. Rxc8 Qxc8) 18. Qb3 $16 Rc7 19. Nb1 Qc8 20. Rxc7 Qxc7 21. Rc1 $36 {[%mdl 2048] White has strong initiative.} Qb7 22. Nc3 Rc8 23. h3 h6 {White is slightly better.} 24. Ne1 Rc7 25. f4 Qc8 26. Bd2 Qd8 {Accuracy: White = 52%, Black = 40%.} 1/2-1/2

[Event "Belt Road Women 2019"]
[Site "Shaoxing"]
[Date "2019.07.15"]
[Round "7.5"]
[White "Zhang, Lanlin"]
[Black "Dzagnidze, Nana"]
[Result "0-1"]
[WhiteElo "2195"]
[BlackElo "2511"]
[Annotator "TA"]
[PlyCount "58"]
[EventDate "2019.07.08"]
[EventType "swiss"]
[EventCountry "CHN"]
[SourceTitle "playchess.com"]
[Source "ChessBase"]
[SourceQuality "1"]

{[%evp 12,58,0,-18,-16,-16,0,-18,-18,-27,-23,-24,-22,-39,-40,-101,-97,-95,-102,-139,-153,-272,-271,-384,-372,-426,-421,-416,-390,-495,-500,-593,-575,-722,-718,-653,-641,-631,-618,-810,-786,-709,-600,-725,-717,-905,-895,-806,-751]} 1. e4 c5 2. Nf3 a6 3. d4 cxd4 4. Nxd4 Nf6 5. Nc3 e5 6. Nb3 Bb4 7. Bd3 Bxc3+ {B28: Sicilian: 2 Nf3 a6 (O'Kelly Variation)} 8. bxc3 Qc7 (8... O-O 9. O-O d6 10. Bg5 Nbd7 11. Qd2 h6 12. Be3 Ng4 13. Rfd1 Ndf6 14. c4 Be6 15. c5 {0-1 (32) Sukandar,I (2396)-Hou,Y (2661) Tromsoe 2014}) 9. c4 d6 {The position is equal.} 10. O-O Be6 11. Qe2 Nbd7 12. f4 {And now f5 would win.} Rc8 {[%cal Re6c4]} 13. Ba3 $146 (13. fxe5 $15 Nxe5 {[#]} 14. Bh6 $1 {[%mdl 512]} gxh6 15. Rxf6) ({Predecessor:} 13. fxe5 dxe5 14. Nd2 Nb6 15. Rb1 {0-1 (50) Ingolfsdottir,H (2057)-Gretarsdottir,G (2058) Hafnarborg 2003}) 13... O-O $17 14. fxe5 Nxe5 15. Bb2 Bxc4 16. Rxf6 (16. Qe3 $17 {is a better defense.}) 16... gxf6 $19 17. Qf2 (17. Rd1 $142) 17... Bxd3 18. Bxe5 fxe5 ({Don't do} 18... dxe5 19. cxd3 Qd6 20. Rd1 $19) 19. cxd3 f6 20. Rf1 Qc2 {Black is clearly winning.} 21. Qf3 Qxa2 22. Nc1 Qd2 23. Ne2 Rc2 24. Ng3 Rc1 25. Nh5 {intending Qg4+.} Rxf1+ 26. Kxf1 Qg5 27. g4 {[#]} d5 $1 28. h3 (28. exd5 f5) 28... Rc8 29. Kf2 Qd2+ {Accuracy: White = 17%, Black = 90%.} 0-1

[Event "Belt Road Women 2019"]
[Site "Shaoxing"]
[Date "2019.07.15"]
[Round "7.6"]
[White "Harika, Dronavalli"]
[Black "Tokhirjonova, Gulrukhbegim"]
[Result "1-0"]
[WhiteElo "2492"]
[BlackElo "2422"]
[Annotator "TA"]
[PlyCount "112"]
[EventDate "2019.07.08"]
[EventType "swiss"]
[EventCountry "CHN"]
[SourceTitle "playchess.com"]
[Source "ChessBase"]
[SourceQuality "1"]

{[%evp 14,112,18,9,25,-36,13,-18,-31,-33,-27,-43,0,-10,-15,-38,-31,-33,-32,-46,-27,-44,-35,-29,-25,-69,-34,-84,-59,-81,-75,-91,-58,-107,-61,-86,0,-22,-21,-41,-43,-44,-46,-38,-22,-31,504,-24,-26,-39,0,-10,-11,-13,11,0,25,12,37,0,0,0,37,40,62,65,85,44,108,100,77,77,88,85,111,62,367,383,381,381,5093,5583,6759,4594,7175,5158,1206,1192,592,1174,1102,1087,1043,643,605,596,29976,29978,29983,29983,29980]} 1. d4 Nf6 2. c4 g6 3. Nc3 d5 4. cxd5 Nxd5 5. e4 Nxc3 6. bxc3 Bg7 7. Bb5+ c6 8. Ba4 e5 {[%cal Re5d4] D85: Exchange Grünfeld: Unusual White 7th moves and lines with 7 Nf3} (8... O-O 9. Ne2 b5 10. Bb3 a5 11. a4 b4 12. cxb4 axb4 13. Be3 c5 14. Rc1 cxd4 15. Nxd4 Bd7 16. O-O Qe8 17. Rc4 Bxa4 18. Rxb4 Bxb3 19. Qxb3 {½-½ (30) Svidler,P (2729)-Grischuk,A (2794) Sochi 2015}) 9. d5 (9. Nf3 $11) 9... O-O 10. Ba3 Re8 {The position is equal.} 11. Ne2 Bd7 12. Bb3 $146 ({Predecessor:} 12. O-O cxd5 13. exd5 Qa5 14. Bxd7 Nxd7 15. Bb4 Qa6 16. Ng3 {0-1 (33) Marcetic,N (2305)-Bacetic,N (2325) Igalo 1994}) 12... cxd5 13. Bxd5 Bc6 14. Rb1 Bxd5 15. exd5 b6 16. O-O Nd7 17. Qa4 Qc7 18. Rfd1 Rac8 19. Bb4 Qb7 20. Qb3 Qa6 21. Rb2 Rc4 22. Ng3 Rec8 23. Nf1 Bh6 24. a4 Re4 ({Black should play} 24... Nc5 $1 $17 {[%cal Rc5b3]} 25. Bxc5 R4xc5) 25. d6 Qc4 26. Qxc4 Rexc4 ({But not} 26... Rcxc4 $6 27. a5 $14) 27. a5 b5 28. a6 R8c6 29. Ba5 Rb6 $2 {[%mdl 8192]} (29... b4 $15) 30. Rd5 $2 (30. Bxb6 $18 axb6 31. Ra1) 30... Rxa6 $11 31. Rbxb5 Rcc6 32. Bb4 {Threatens to win with Rb7.} Rab6 33. g4 Bf4 34. Ng3 Bxg3 35. hxg3 f6 36. Kg2 (36. Ra5 $5 {[%cal Ra5a7]}) 36... Kf7 37. Ra5 a6 38. Rd1 Rc4 39. Rh1 Kg7 40. Rha1 Rcc6 (40... Nb8 $1 $14) 41. f4 $16 h6 42. Kf3 h5 43. gxh5 gxh5 44. fxe5 Nxe5+ $2 {[%mdl 8192] [#]} (44... fxe5 $14 45. Ke4 Kg6) 45. Rxe5 $1 $18 {[%mdl 512]} fxe5 {[#]} 46. Rd1 $1 Rxb4 $2 (46... Kf7 47. d7 Rb8) 47. cxb4 {[%mdl 4096] Endgame KR-KR} Rc8 48. d7 Rd8 49. Ke4 Kf6 {[#]} 50. Rd5 $1 Kf7 51. Kxe5 Ke7 52. Kf5 Rf8+ 53. Kg5 Kd8 54. Kxh5 {Hoping for Rd4.} Rf3 55. g4 Rf4 56. g5 Rf3 {Accuracy: White = 34%, Black = 38%.} 1-0

[Event "Belt Road Women 2019"]
[Site "Shaoxing"]
[Date "2019.07.15"]
[Round "7.7"]
[White "Ni, Shiqun"]
[Black "Zhu, Jiner"]
[Result "1/2-1/2"]
[WhiteElo "2407"]
[BlackElo "2454"]
[Annotator "RC"]
[PlyCount "57"]
[EventDate "2019.07.08"]
[EventType "swiss"]
[EventCountry "CHN"]
[SourceTitle "playchess.com"]
[Source "ChessBase"]
[SourceQuality "1"]
[TimeControl "5400+30"]

1. e4 {[%emt 0:00:00]} c5 {[%emt 0:00:00]} 2. Nf3 {[%emt 0:00:00]} d6 {[%emt 0:00:00]} 3. Bb5+ {[%emt 0:00:02]} Nd7 {[%emt 0:00:00]} 4. O-O {[%emt 0:00:30]} a6 {[%emt 0:00:00]} 5. Bd3 {[%emt 0:00:30]} Ngf6 {[%emt 0:00:28]} 6. Re1 {[%emt 0:00:30]} b5 {[%emt 0:00:30]} 7. c4 {[%emt 0:00:30]} Ne5 {[%emt 0:00:30]} 8. Bf1 {[%emt 0:00:30]} Nxc4 {[%emt 0:00:30]} 9. a4 {[%emt 0:00:30]} Bd7 {[%emt 0:00:30]} 10. d4 {[%emt 0:00:30]} cxd4 {[%emt 0:00:30]} 11. Nxd4 {[%emt 0:00:30]} g6 {[%emt 0:00:30]} 12. axb5 {[%emt 0:00:30]} axb5 {[%emt 0:00:30]} 13. Rxa8 {[%emt 0:00:30]} Qxa8 {[%emt 0:00:30]} 14. Nc3 {[%emt 0:00:30]} Qc8 {[%emt 0:00:30]} 15. Ndxb5 {[%emt 0:00:30]} Bg7 {[%emt 0:00:30]} 16. Qe2 {[%emt 0:00:30]} Ne5 {[%emt 0:00:30]} 17. Bg5 {[%emt 0:00:30]} O-O {[%emt 0:00:30]} 18. h3 {[%emt 0:00:30]} Be6 {[%emt 0:00:30]} 19. Ra1 {[%emt 0:00:30]} h6 {[%emt 0:00:30]} 20. Be3 {[%emt 0:00:30]} Bc4 {[%emt 0:00:30]} 21. Qd1 {[%emt 0:00:30]} Bxf1 {[%emt 0:00:30]} 22. Qxf1 {[%emt 0:00:30]} Nc4 {[%emt 0:00:30]} 23. Qe2 {[%emt 0:00:30]} Nxe3 {[%emt 0:00:30]} 24. Qxe3 {[%emt 0:00:30]} Qc6 {[%emt 0:00:30]} 25. Ra7 {[%emt 0:00:30]} Rb8 {[%emt 0:00:30]} 26. Rc7 {[%emt 0:00:30]} Qa6 {[%emt 0:00:30]} 27. Ra7 {[%emt 0:00:30]} Qc6 {[%emt 1:20:54]} 28. Rc7 {[%emt 0:00:30]} Qa6 {[%emt 0:00:30]} 29. Ra7 {[%emt 0:00:30]} 1/2-1/2